000 00745nam a2200265 a 4500
999 _c7971
_d7971
001 7971
003 BD-JhCC
005 20180217101904.0
008 180217s1964 nyu b 000 0 eng d
035 _a(BD-JhCC)7971
040 _aBD-JhCC
_cDLC
_dBD-JhCC
041 _aeng
050 0 _aZ689
_b.C29 1964
082 _a025.21
_bCAR 1964
100 1 _aCarter, Mary Duncan,
_d1896-
245 1 0 _aBuilding library collections /
_cby Mary Duncan Carter and Wallace John Bonk
250 _a2d ed
260 _aNew York :
_bScarecrow Press,
_c1964
300 _a259 p.
_c22 cm
504 _aIncludes bibliographies
650 0 _aCollection development (Libraries)
700 1 _aBonk, Wallace John,
_d1923-
942 _2ddc
_cBK